Об анатомических требованиях человека к современной технике: (экспериментальные лекции для студентов конструкторских специальностей машиностроительного и приборостроительного факультетов Новосибирского электротехнического института)

Bibliographic Details
Main Author: Повилейко Р. П.
Corporate Author: Новосибирский электротехнический институт
Language:Russian
Published: Новосибирск, Изд-во НЭТИ, 1964
Subjects:
Format: Book
KOHA link:https://koha.lib.tpu.ru/cgi-bin/koha/opac-detail.pl?biblionumber=361665

MARC

LEADER 00000nam0a2200000 4500
001 361665
005 20231102011418.0
035 |a (RuTPU)RU\TPU\retro\19004 
090 |a 361665 
100 |a 20210628d1964 m y0rusy50 ca 
101 0 |a rus 
102 |a RU 
105 |a a j 001zy 
200 1 |a Об анатомических требованиях человека к современной технике  |e (экспериментальные лекции для студентов конструкторских специальностей машиностроительного и приборостроительного факультетов Новосибирского электротехнического института)  |f Р. П. Повилейко 
210 |a Новосибирск  |c Изд-во НЭТИ  |d 1964 
215 |a 81 с.  |c ил. 
320 |a Библиогр.: с. 44-46 
606 1 |a Машиностроение  |x Художественное конструирование  |2 stltpush  |3 (RuTPU)RU\TPU\subj\41495  |9 61285 
606 1 |a Гигиена труда в различных отраслях производства  |2 stltpush  |3 (RuTPU)RU\TPU\subj\6456  |9 34338 
610 1 |a анатомия 
610 1 |a требования 
610 1 |a техника 
610 1 |a эргономика 
610 1 |a человек 
610 1 |a тело 
610 1 |a пропорции 
610 1 |a рост 
610 1 |a учебные пособия 
610 1 |a лекции 
675 |a 621.002:658.512.2(075.8)  |v 4 
675 |a 613.6(075.8)  |v 4 
700 1 |a Повилейко  |b Р. П. 
712 0 2 |a Новосибирский электротехнический институт  |c (1950-1992)  |2 stltpush  |3 (RuTPU)RU\TPU\col\203  |9 23272 
801 1 |a RU  |b 63413507  |c 20210628 
942 |c BK